000 00365 a2200169 4500
001 185978
020 _a85-08-02167-4
040 _cMagnum
100 _aMonteiro, José Maviael
240 1 0 _aO outro lado da ilha
_lpor
245 1 0 _aO outro lado da ilha
300 _a94
362 0 _a1991
440 1 _aÁtica
697 _aLITERATURA JUVENIL
942 _cBK
999 _c185978
_d185978